| 000 | 01078nac a22003011i 4500 | ||
|---|---|---|---|
| 003 | EG-ScBUE | ||
| 005 | 20241111091847.0 | ||
| 008 | 241111t2001 njuac f b 001 0 eng d | ||
| 020 | _a0130305626 (pbk.) | ||
| 020 | _a9780130305626 | ||
| 040 |
_aEG-ScBUE _beng _erda _cEG-ScBUE _dEG-ScBUE |
||
| 082 | 0 | 4 |
_a519.5 _bLAR _222 |
| 100 | 1 |
_aLarsen, Richard J., _eauthor. |
|
| 245 | 1 | 3 |
_aAn introduction to mathematical statistics and its applications / _cRichard J. Larsen, Vanderbilt University, Morris L. Marx, University of West Florida. |
| 250 | _aThird edition. | ||
| 250 | _aInternational edition. | ||
| 264 | 1 |
_aUpper Saddle River, N.J. : _bPrentice Hall, _c[2001] |
|
| 264 | 4 | _cc2001 | |
| 300 |
_ax, 790 pages : _billustrations, portraits ; _c24 cm |
||
| 336 |
_2rdacontent _atext _btxt |
||
| 337 |
_aunmediated _2rdamedia _bn |
||
| 338 |
_avolume _bnc _2rdacarrier |
||
| 504 | _aIncludes bibliographical references and index. | ||
| 650 | 7 |
_aMathematical statistics. _2BUEsh |
|
| 655 | _vReading book | ||
| 700 | 1 |
_aMarx, Morris L., _eauthor. |
|
| 942 |
_cBB _2ddc |
||
| 999 |
_c860 _d860 |
||